|
|
|
|
| LEADER |
01233nam a2200241 u 4500 |
| 001 |
10095642 |
| 003 |
upatras |
| 005 |
20210117203126.0 |
| 008 |
111214q19901999gr gre |
| 040 |
|
|
|a GR-PaULI
|c GR-PaULI
|
| 041 |
0 |
|
|a gre
|
| 082 |
0 |
4 |
|a 515.43
|
| 100 |
1 |
|
|a Τριανταφύλλου, Τριαντάφυλλος Ε.
|4 aut
|9 101027
|
| 245 |
1 |
0 |
|a Ολοκληρωτικός λογισμός
|b Θεωρία, ολοκληρωμένη μεθοδολογία, λυμένες - άλυτες ασκήσεις, πρωτότυπες ασκήσεις
|c Τριαντάφυλλος Ε. Τριανταφύλλου, Βασιλική Ε. Θωμά
|
| 260 |
|
|
|a Χαλκίδα
|b [χ.ό.]
|c [199?]
|
| 300 |
|
|
|a 263 σ.
|b σχήμ., πιν.
|c 24 εκ.
|
| 650 |
|
4 |
|a Λογισμός, Ολοκληρωτικός
|9 4226
|
| 700 |
1 |
|
|a Θωμά, Βασιλική Ευθ.
|4 aut
|9 101028
|
| 852 |
|
|
|a GR-PaULI
|b ΠΑΤΡΑ
|b ΒΚΠ
|b ΒΣ1
|k ΑΣΧΕ
|h 515.43 ΤΡΙ
|m 106190
|p 025000200576
|t 1
|
| 942 |
|
|
|2 ddc
|c BK15
|
| 952 |
|
|
|0 0
|1 0
|4 0
|6 515_430000000000000_ΤΡΙ
|7 0
|9 106078
|a LISP
|b LISP
|c BSC
|d 2016-04-24
|i 106190
|l 4
|o 515.43 ΤΡΙ
|p 025000200576
|r 2022-05-13 00:00:00
|s 2022-03-01
|t 1
|w 2016-04-24
|y BK15
|
| 998 |
|
|
|c ΜΠΟΥΡΑΣ
|d 2011-12
|
| 999 |
|
|
|c 71315
|d 71315
|